01437cam a22002771 4500001001300000003000400013005001700017008004100034010001700075035001900092040005200111050001600163100003400179245044300213260005500656300007700711490007900788650002300867650003800890700004500928700003500973700003101008700004301039700003001082740004701112gs 30000215 DLC20260227111334.0780406s1930 xx 000 0 eng c ags 30000215  a(OCoLC)3785650 aLibrary, U.S. Geological SurveycOTdMsHaUdDLC00aQE115b.S151 aSavage, Thomas Edmund,d1866-14aThe Devonian rocks of Kentucky;ba presentation of the areal extent, stratigraphic, structural and paleontologic relationship of all sediments between the Silurian and Mississippian systems in this commonwealth,cby Thomas Edmund Savage, assisted by Russell Spurgeon Poor, Charles Fernando Bassett, Harold Bowen Willman, Harry Charles Spoor, jr. And a separate report on the Geology of the Midland Trail in Kentucky, by Armin Kohl Lobeck. aFrankfort,bThe Kentucky geological survey,c1930. a6 p. l., 257 p. incl. front. (map) illus., maps, IV pl., tables.c24 cm.0 aKentucky. Geological survey, 1920- Ser. VI. [Geologic reports]vv. 33 0aGeologyzKentucky. 0aGeology, StratigraphicyDevonian.1 aLobeck, A. K.q(Armin Kohl),d1886-1958.1 aPoor, Russell Spurgeon,d1899-1 aBassett, Charles Fernando.1 aWillman, H. B.q(Harold Bowen),d1901-1 aSpoor, Harvy Charles, jr.0 aMidland trail in Kentucky, Geology of the.